Bambusa guadua
Spremljeno u:
| Glavni autor: | |
|---|---|
| Format: | Knjiga |
| Jezik: | španjolski |
| Izdano: |
Bogotá
Villegas
1996
|
| Izdanje: | 2a. ed |
| Teme: | |
| Oznake: |
Dodaj oznaku
Bez oznaka, Budi prvi tko označuje ovaj zapis!
|
MARC
| LEADER | 00000nam a2200000 a 4500 | ||
|---|---|---|---|
| 001 | UCN7372 | ||
| 003 | CL-VaPUC | ||
| 008 | 011018e19960400CK |||||||||||||||||spa|d | ||
| 082 | 0 | 4 | |a 721.0449 |b VIL |2 21 |
| 100 | 0 | |a Villegas, Marcelo |e author |9 463324 | |
| 245 | 1 | 0 | |a Bambusa guadua |
| 250 | |a 2a. ed | ||
| 300 | |a 175 p | ||
| 942 | |c BK | ||
| 945 | |d 20011018 00:00:00 |a cmena | ||
| 260 | |a Bogotá |b Villegas |c 1996 | ||
| 650 | 7 | |a GUADUA |2 CL-VaPUC |9 463325 | |
| 650 | 7 | |a BAMBU - MATERIALES DE CONSTRUCCION |2 CL-VaPUC |9 463326 | |
| 650 | 0 | |a Diseño arquitectónico |9 265271 | |
| 650 | 0 | |a Puentes |9 268175 | |
| 650 | 7 | |a TRINCHOS |2 CL-VaPUC |9 463327 | |
| 650 | 0 | |a Acueductos |9 408464 | |
| 650 | 7 | |a CERCAS |2 CL-VaPUC |9 390081 | |
| 650 | 7 | |a CORRALES |2 CL-VaPUC |9 463328 | |
| 650 | 7 | |a JAULAS |2 CL-VaPUC |9 393932 | |
| 650 | 7 | |a ESCALERAS |2 CL-VaPUC |9 262609 | |
| 583 | |a last modification |c 20011018 00:00:00 |k Rodrigo Vera | ||
| 999 | |c 297741 |d 297739 | ||
| 952 | |0 0 |1 0 |4 0 |6 721_044900000000000_VIL_1996 |7 0 |8 A |9 352701 |a BIBARQ |b BIBARQ |d 2019-11-21 |i 3677249 |l 1 |o 721.0449 VIL 1996 |p 3677249 |r 2025-01-20 |s 2023-09-13 |w 2019-11-21 |y BK |k ARQ | ||